000 00620nam a2200181Ia 4500
008 100917s9999 xx 000 0 und d
082 _b31787
100 _aरजनीश भगवान
245 _aअेस धम्मो सनंतनो भाग 1
260 _bजीवन जागृती प्रकाशन
_c1976
300 _a76
365 _b3
520 _aअध्यात्म
630 _aअेस धम्मो सनंतनो भाग 1
650 _aअध्यात्म
730 _aअेस धम्मो सनंतनो भाग 1
942 _cBOOK
999 _c637181
_d637178